000 00863nas a2200301 4500
001 BR0105034
003 BR-BrBNA
005 20231205102458.0
007 ta
008 230509b bl.|||p| |||| 00| 00por d
040 _aBR-BrBNA
_bpor
_cBiblioteca Nacional de Agricultura
041 _a(Pt)
072 _aF04; P33
100 1 _aSeverino, L.S.
100 1 _aMendonca, E. de S.
100 1 _aNeves, Y.P.
100 1 _aBarros, U.V.
100 1 _aBarbosa, C.M.
245 1 _aFormas de nitrogenio e propriedades do solo em cultivo adensado de cafe
650 _aCafe
650 _aMateria Organica
650 _aNutriente
650 _aNitrogenio
650 _aSolo Tropical
773 0 _tRevista Ceres (Brazil)
_xISSN 0034-737X
_g(Jan-Feb 2001), v. 48(275) p. 71-80
_wBR0105034
909 _a202311
_bLúcia
_c55
_dLúcia Elande
942 _2AGRIS
_n0
_cANA
999 _c167775
_d167775